00555nam a2200181Ia 4500020001800000082001900018245007000037260004100107300001000148500001900158650003600177650003000213650002700243650002800270650003400298650001800332700002300350 a0-19-563458-6 a306.60954 REG- 0aRegion, religion, caste, gender and culture in contemporary India aDelhibOxford University Pressc1996 a602p. aContents:Vol.3 aIndia - Social life and customs aIndia - Social conditions aSocial classes - India aGender identity - India aReligion and politics - India aCaste - India aSathyamurthy, T.V.